Társadalomtudományi taxonómiák és tantervek az Amerikai Egyesült Államokban és Angliában II. rész

Elmentve itt :
Bibliográfiai részletek
Szerző: Szebenyi Péter
Dokumentumtípus: Cikk
Megjelent: 1980
Sorozat:Módszertani közlemények 20 No. 1
Kulcsszavak:Neveléstudomány
Online Access:http://acta.bibl.u-szeged.hu/26835
LEADER 00677nab a2200181 i 4500
001 acta26835
005 20210224113701.0
008 161017s1980 hu o 0|| hun d
022 |a 0544-7224 
040 |a SZTE Egyetemi Kiadványok Repozitórium  |b hun 
041 |a hun 
100 1 |a Szebenyi Péter 
245 1 0 |a Társadalomtudományi taxonómiák és tantervek az Amerikai Egyesült Államokban és Angliában II. rész  |h [elektronikus dokumentum] /  |c  Szebenyi Péter 
260 |c 1980 
300 |a 69-73 
490 0 |a Módszertani közlemények  |v 20 No. 1 
695 |a Neveléstudomány 
856 4 0 |u http://acta.bibl.u-szeged.hu/26835/1/modszertani_020_001_069-073.pdf  |z Dokumentum-elérés